Capitals of Microstates - Statistics

General Stats
  • This quiz has been taken 39 times
  • The average score is 18 of 25
Answer Stats
Hint Answer % Correct
Monaco Monaco
97%
Andorra Andorra la Vella
93%
San Marino San Marino
93%
Liechtenstein Vaduz
93%
Vatican City Vatican City
93%
Singapore Singapore
87%
Malta Valletta
83%
Saint Vincent and the Grenadines Kingstown
73%
Dominica Roseau
73%
Antigua and Barbuda St. John's
73%
Bahrain Manama
70%
São Tomé and Príncipe São Tomé
70%
Seychelles Victoria
67%
Saint Kitts and Nevis Basseterre
63%
Barbados Bridgetown
63%
St. Lucia Castries
63%
Grenada St. George's
63%
Nauru Yaren
63%
Micronesia Palikir
60%
Tuvalu Funafuti
57%
Maldives Malé
57%
Palau Ngerulmud
57%
Tonga Nukuʻalofa
57%
Marshall Islands Majuro
53%
Kiribati South Tarawa
53%
No matching quizzes found
Score Distribution
Percent of People with Each Score
Percentile by Number Answered
Your Score History
You have not taken this quiz